Risk-taking, global diversification, and growth (Registro nro. 28111)

Detalles MARC
000 -LEADER
fixed length control field 00342 a2200109 4500
001 - CONTROL NUMBER
control field ART_46380
005 - DATE AND TIME OF LATEST TRANSACTION
control field 20260410161925.0
008 - FIXED-LENGTH DATA ELEMENTS--GENERAL INFORMATION
fixed length control field 260409a
100 1# - MAIN ENTRY--PERSONAL NAME
Personal name Obstfeld, Maurice
245 10 - TITLE STATEMENT
Title Risk-taking, global diversification, and growth
773 0# - HOST ITEM ENTRY
Title The American Economic Review
Related parts - Vol. 84, Nº 5 (dic. 1994)
Record control number REV16190

No hay ítems disponibles.